LEER CUENTO Y NOVELA : (Registro nro. 56245)
[ vista simple ]
| 000 -LEADER | |
|---|---|
| fixed length control field | 01056nam a2200205 a 4500 |
| 001 - CONTROL NUMBER | |
| control field | 56245 |
| 005 - DATE AND TIME OF LATEST TRANSACTION | |
| control field | 20180714051924.0 |
| 008 - FIXED-LENGTH DATA ELEMENTS--GENERAL INFORMATION | |
| fixed length control field | 140415s2004 mx 000 0 spa d |
| 020 ## - INTERNATIONAL STANDARD BOOK NUMBER | |
| International Standard Book Number | 9688535672 |
| 041 ## - LANGUAGE CODE | |
| Language code of text/sound track or separate title | spa |
| 082 ## - DEWEY DECIMAL CLASSIFICATION NUMBER | |
| Classification number | 372.4 |
| Item number | PAR |
| 100 1# - MAIN ENTRY--PERSONAL NAME | |
| Personal name | PARDO, EDMEE |
| 245 10 - TITLE STATEMENT | |
| Title | LEER CUENTO Y NOVELA : |
| Remainder of title | GUIA PARA LEER NARRATIVA Y DEJAR QUE LOS LIBROS NOS HAGAN FELICES |
| 250 ## - EDITION STATEMENT | |
| Edition statement | 1a ed. |
| 260 ## - PUBLICATION, DISTRIBUTION, ETC. | |
| Place of publication, distribution, etc. | MEXICO : |
| Name of publisher, distributor, etc. | PAIDOS MEXICANA, |
| Date of publication, distribution, etc. | 2004 |
| 300 ## - PHYSICAL DESCRIPTION | |
| Extent | 240 |
| Dimensions | 12.5 x 0.8 x 19.4 |
| 490 ## - SERIES STATEMENT | |
| Series statement | MEMORIAS |
| Volume/sequential designation | 12 |
| 520 ## - SUMMARY, ETC. | |
| Summary, etc. | AQUI SE HABLA DE COMO UNA PERSONA SE ACERCA A LA LITERATURA Y DE LO QUE AL LEER DESCUBRE SOBRE EL MUNDO Y SOBRE SI MISMA. SE MUESTRAN LAS MUCHAS RELACIONES POSIBLES ENTRE LA GENTE Y LA LECTURA, LAS DIFERENTES COSAS QUE A UNO LE PASAN CUANDO LEE. EDMEE PARDO, ADEMAS DE ENSEÑAR COMO ESTABLECER UN DIALOGO CON LAS OBRAS, NOS INSTA A ENTREGARNOS PLENAMENTE ALOS PLACERES QUE ENCIERRA UNA NOVELA, UN CUENTO. |
| 650 14 - SUBJECT ADDED ENTRY--TOPICAL TERM | |
| Topical term or geographic name entry element | COMUNICACION ESCRITA |
| General subdivision | LECTURA |
| -- | LITERATURA INFANTIL |
| -- | LITERATURA JUVENIL |
| -- | METODOLOGIA EDUCATIVA |
| Withdrawn status | Lost status | Source of classification or shelving scheme | Damaged status | Not for loan | Collection code | Home library | Current library | Shelving location | Date acquired | Source of acquisition | Inventory number | Total Checkouts | Total Renewals | Full call number | Barcode | Date last seen | Date last checked out | Price effective from | Koha item type |
|---|---|---|---|---|---|---|---|---|---|---|---|---|---|---|---|---|---|---|---|
| Dewey Decimal Classification | General | Biblioteca Karol Wojtyla | Biblioteca Karol Wojtyla | Sala general | 03/12/2013 | Compra | 151000000000000000041281 | 1 | 1 | 372.4 PAR | 84834 | 05/01/2026 | 30/09/2023 | 03/12/2013 | Libro |